MDQL
is popping MORE tags! Check the
thread
!
Quizzes
Events
Quiz Creation
Community
Videos
Private Events
Remove Ads
Sign In
Join for FREE
Feedback
Dark Mode
Quiz Categories
Sports
Geography
Music
Movies
Television
Just For Fun
Miscellaneous
History
Literature
Language
Science
Gaming
Entertainment
Religion
Holiday
For Kids
Quiz Lab
Recent
Popular Today
Quiz Kudos Today
Editor Picks
Curator Picks
Quizzes by...
Day
Popularity
Type
Ratings
Length
Year
Community
Subscriptions
Recent Discussions
Orange Saloon
Badges
Playlists
Quests
Create
Leaderboards
Showdown
Live 5
Trivia Bingo
Activity
Puzzle Library
Sporcle Events
Private Events
Virtual Trivia
Globe League
Become a Host
Pub Owners
SporcleCon
Opinionation
Our Games
Videos
Blog
Mobile Apps
Partnerships
Remove Ads and Go Orange
Feedback
Sports
Athletes
MLB
NBA
NHL
NFL
Soccer
Sports Teams
WWE
NCAA
Football
Premier League
Basketball
Baseball
Hockey
Golf
Tennis
Cricket
Rugby
Auto Racing
Olympics
World Cup
Sports
Athletes
MLB
NBA
NHL
NFL
Soccer
Sports Teams
WWE
NCAA
Football
Premier League
Basketball
Baseball
Hockey
Golf
Tennis
Cricket
Rugby
Auto Racing
Olympics
World Cup
Random Quiz
Search Sporcle
×
Quiz Lab
Quiz Lab
Sports
Snooker
Click on answers out of a set of options
Click on answers out of a set of options
Multiple Choice
Best Score? Go Orange.
German Masters Stats
German Masters snooker trivia
By
SnookerHQ
6m
12 Questions
124 Plays
124 Plays
124 Plays
Comments
Comments
Give Quiz Kudos
Give Quiz Kudos
-
- Ratings
hide this ad
Random Order
Randomize order of answers
Randomize order of answers
Replay
Link that replays current quiz
Next Quiz
Link to next quiz in quiz playlist
You Got
0%
They Got
Avg Score
57%
Avg Friend Score
Upgrade to see
Score Distribution
Jump to the score distribution portion of the page
Score
0/12
Timer
06:00
0
Plays Today
Question
Answer
Wrong Answers
Who won the 2016 German Masters?
Martin Gould
76.6%
Luca Brecel
5.6%
Mark Selby
12.1%
Shaun Murphy
5.6%
What was unusual about the 2015 quarter-finals?
All four matches ended 5-4
73.4%
All four matches were whitewashes
15.3%
All eight players compiled a break of 121
4.8%
The round was played behind closed doors
5.6%
Since 2011, the German Masters has been staged at the Tempodrom in which city?
Berlin
71.8%
Munich
8.9%
Furth
12.1%
Hamburg
7.3%
Who compiled a maximum 147 break in a quarter-final defeat to Mark Selby in 2015?
Judd Trump
67.7%
Ali Carter
15.3%
Stephen Maguire
11.3%
Robert Milkins
5.6%
Which player won his third ranking title at the 2013 German Masters?
Ali Carter
60.5%
Judd Trump
13.7%
Mark Allen
12.1%
Ricky Walden
12.9%
Which German referee officiated the 2015 final?
Marcel Eckardt
59.7%
Maike Kesseler
18.5%
Ingo Schmidt
12.1%
Thorsten Mueller
7.3%
Between 1995 and 1997 the German Open was a previously staged ranking event. Which Scot won the event twice in three years?
John Higgins
54%
Stephen Hendry
30.6%
Alan McManus
9.7%
Chris Small
4.8%
Which of these players hasn't won the German Masters?
Neil Robertson
54%
Mark Williams
9.7%
Ding Junhui
29%
Mark Selby
4.8%
The runner-up to Ronnie O'Sullivan in the 1996 German Open was featuring in his one and only ranking event final. Who was it?
Alain Robidoux
50%
Tony Drago
16.1%
Joe Swail
16.1%
Darren Morgan
15.3%
The 1998 German Masters was a non-ranking event. Which former world champion beat Mark Williams in the final?
John Parrott
46.8%
Joe Johnson
4%
Dennis Taylor
5.6%
Ken Doherty
42.7%
What has been the most popular final scoreline? (German Masters x3, German Open x1)
9-7
42.7%
9-5
18.5%
9-6
29.8%
9-3
6.5%
How many 147 breaks have been made during the German Masters qualifying rounds since 2011?
Five
30.6%
Three
29%
Four
27.4%
Six
12.1%
Quiz Playlist
Details
Report
Send in Message
Add To Playlist
Multiple Choice:
Click on answers out of a set of options
Random Order:
Randomize order of answers
Last Updated: Feb 16, 2017
Quiz Scoreboard
CHALLENGE
Sign Up to Join the Scoreboard
Show All
Scores
Hide
Comments
May contain spoilers
Recently Published
1-10 Letter E Words III
by El_Dandy
Language
2m
Street Fighter Characters
by Artimus82
Gaming
60s
College Basketball Coaching Resumes
by pancakes188
Sports
9m
More to Explore
Quiz From the Vault
Featured Blog Post
Where Did the Easter Bunny Come From?
hide this ad
You Might Also Like...
Tags
Masters Snooker
Snooker
Snooker Breaks
Snooker Champions
Snooker Championship
Snooker Ranking
Snooker World
Today's Top Quizzes in Sports
Browse Sports
hide this ad
Today's Top Quizzes in Snooker
Browse Snooker
Top Contributed Quizzes in Sports
1
2022 World Cup Stars
2
Les meilleurs buteurs des matchs entre le PSG et l’OM
3
FIFA Club World Cup Champions
4
Les entraîneurs de l'OM et du PSG au 21e siècle
5
Criteria MLB: Left Handed Sluggers
6
2023 MLB Unique Player Accomplishments
7
AFC Teams Reveal (Wrong Answers Minefield)
8
Players with Multiple 50 Home Run Seasons
9
5-to-1: FBS Animal Nicknames
10
5-to-1: UK Sports Teams
Explore More
Trending Topics
Marvel
Crossword
Disney
Anime
NBA
Harry Potter
Kpop
NFL
WWE
Song
The Office
Puzzle
Pokémon
Country
Soccer
hide this ad
More By:
SnookerHQ
Quiz
Plays
Rating
Category
Featured
Created
Snookered
9,220
2.00
Sports
Nov 19, 2018
Snookered: World Championship Special
6,152
3.00
Sports
Apr 28, 2019
Nationalities in the World Snooker Championship
5,461
4.30
Sports
Apr 23, 2018
Snookered 3
5,103
2.29
Sports
Jan 22, 2019
Snooker Quiz: A or B #4
4,308
3.00
Sports
Apr 13, 2020
Go to Creator's Profile
Score Distribution
Quiz Creator Spotlight
SnookerHQ
Follow
Send a Message
Quizzes Created
-
Created Quiz Play Count
-
More By This Creator
Popular Quizzes Today
1
Find the US States - No Outlines Minefield
2
Find the Countries of Europe - No Outlines Minefield
3
The Countries of the World
4
Find the US States
5
Risky Map Clicking: Biggest States A-Z
6
US States
7
Popular People in 1961
8
Movies - When Are They Set?
More Sports Quizzes
Quick Pick: Rickey Henderson Teams by Logo
Quiz Lab
Trending Quizzes
Risky Map Clicking: Least Populous States A-Z
Billboard Blitz: Aretha Franklin
Famous Russians: Author or Composer?
Countries of the World: 200 Million BC
1-10 Letter G Words
Recently Updated
Leaping Animals
pecheneg
Reality TV Shows (A-Z)
bhenderson79
Rickey Henderson's Hall of Fame Teammates
pecheneg
Champions League XIs: Arsenal
pecheneg
Quick Pick: Celebrities in WWE's Hall of Fame
aduchscher
A-Z Keypad Blitz II
pecheneg
Multiple Oscar Actors
pecheneg
Mystery Phrase Blitz: Oscar 'Best Actors'
pecheneg
F. Scott Fitzgerald Novels
LTH
Pick 3 Villains
ddd62291
Trending Topics
Kpop
Harry Potter
Crossword
Marvel
NBA
Disney
Anime
Country
Puzzle
WWE
Song
NFL
Pokémon
Soccer
The Office
Your Account Isn't Verified!
In order to create a playlist on Sporcle, you need to verify the email address you used during registration. Go to your
Sporcle Settings
to finish the process.
Report this User
Report this user for behavior that violates our
Community Guidelines
.
Details:
Send Report
Go to the Sporcle.com Mobile Site →
Comments